El sueño de una noche de verano /
El sueño de una noche de verano corresponde al período que va entre 1590 y 1601; y coincide con la creación de los dramas históricos "Enrique IV", "Ricardo III" y "Ricardo II", como así también con "Romeo y Julieta". A diferencia de Marlowe, creador del teatro...
Guardado en:
| Autor Principal: | |
|---|---|
| Otros Autores: | |
| Formato: | Libro |
| Idioma: | Undetermined |
| Publicado: |
Buenos Aires :
Grafidco,
2005.
|
| Edición: | 1a ed. |
| Series: | Nogal
|
| Materias: | |
| Etiquetas: |
Agregar Etiqueta
Sin Etiquetas, Sea el primero en etiquetar este registro!
|
| LEADER | 01322nam a22002175a 4500 | ||
|---|---|---|---|
| 001 | CEM.cems021037 | ||
| 008 | 240417s2005####ag############000#0#und#d | ||
| 005 | 20240417185315.0 | ||
| 245 | 1 | 0 | |a El sueño de una noche de verano / |c William Shakespeare ; traducido por Juan Izquierdo. |
| 250 | |a 1a ed. | ||
| 260 | |a Buenos Aires : |b Grafidco, |c 2005. | ||
| 300 | |a 96 p. | ||
| 490 | 1 | |a Nogal | |
| 520 | |a El sueño de una noche de verano corresponde al período que va entre 1590 y 1601; y coincide con la creación de los dramas históricos "Enrique IV", "Ricardo III" y "Ricardo II", como así también con "Romeo y Julieta". A diferencia de Marlowe, creador del teatro isabelino, a William Shakespeare le costó trabajo lograr la perfección en sus tragedias, pero cuando supo acomodar ciertos datos históricos, su obra alcanzó grandes dimensiones y se transformó en el autor de teatro más importante de Inglaterra y de la historia literaria. Esta obra es un paseo por el teatro shakesperiano, un paseo de la mano de hadas y elfos que convidan un banquete imposible de no leer. | ||
| 020 | |a 9875710393 | ||
| 100 | 1 | |a Shakespeare, William. | |
| 700 | 1 | |a Izquierdo, Juan; trad. | |
| 653 | |a Teatro | ||
| 653 | |a Teatro inglés | ||
| 653 | |a Literatura inglesa | ||
| 859 | |a CEMS |b BIB. CEMS - 11 de abril |h 822.3 |i Sh14-21 |p 29528.23 |t Ej.1 | ||
